| 000 | 00351nam a22001457a 4500 | ||
|---|---|---|---|
| 003 | macl | ||
| 005 | 20191122154812.0 | ||
| 008 | 191122b xxu||||| |||| 00| 0 eng d | ||
| 040 | _cmacl | ||
| 100 |
_aKrishan, Anita _942575 |
||
| 245 | _aDespite Stolen Dreams | ||
| 260 |
_aDelhi _bFingerPrint _c2017 |
||
| 650 |
_aFiction _977233 |
||
| 942 |
_2ddc _cBK |
||
| 999 |
_c61373 _d61373 |
||